| 000 | 00865cam a22002655i 4500 | ||
|---|---|---|---|
| 999 |
_c15291 _d15291 |
||
| 003 | EG-ScBUE | ||
| 005 | 20210203115917.0 | ||
| 008 | 110516s2009 ua g 000 ff ara d | ||
| 017 | _a2005 / 13734 | ||
| 020 | _a9770913014 | ||
| 040 |
_aEG-ScBUE _bara _erda _cEG-ScBUE _dEG-ScBUE |
||
| 082 | 0 | 4 |
_a892.736 _bش ل ب _222 |
| 100 | 1 |
_aشلبي، خيري، _d1938-2011، _eمؤلف. |
|
| 245 | 1 | 0 |
_aزهرة الخشخاش : _bرواية / _cخيري شلبي. |
| 250 | _aالطبعة الرابعة. | ||
| 264 | 1 |
_aالقاهرة : _bدار الشروق، _c2009. |
|
| 300 |
_a500 صفحة ؛ _c20 سم |
||
| 336 |
_aنص _btxt _2rdacontent |
||
| 337 |
_aبدون وسيط _bn _2rdamedia |
||
| 338 |
_aمجلد _bnc _2rdacarrier |
||
| 650 | 7 |
_aالقصص العربية _yقرن 20. _2BUEsh |
|
| 651 | _2BUEsh | ||
| 653 |
_bARALIT _bGGEN _cMay2011 |
||
| 942 |
_2ddc _cBB |
||